Literature - American | 4 | 4 | 0 | 0 | 100 | 44 | 67.00 | 0 | 2 |
Literature - European | 4 | 4 | 0 | 0 | 100 | 22 | 67.88 | 0 | 1 |
Literature - British | 4 | 1 | 0 | 0 | 70 | 26 | 65.60 | 0 | 2 |
Fine Arts - Painting | 3 | 1 | 0 | 0 | 55 | 40 | 67.50 | 1 | 2 |
History - American | 3 | 0 | 0 | 0 | 45 | 52 | 55.00 | 0 | 1 |
Fine Arts - Miscellaneous | 1 | 1 | 0 | 0 | 25 | 63 | 65.00 | 1 | 1 |
History - Cross, Historiography, and Miscellaneous | 1 | 1 | 0 | 0 | 25 | 68 | 94.50 | 0 | 0 |
RMP - Philosophy | 1 | 1 | 0 | 0 | 25 | 63 | 91.00 | 0 | 0 |
Literature - World and Miscellaneous | 0 | 2 | 0 | 0 | 20 | 70 | 75.50 | 0 | 0 |
RMP - Other Religion | 1 | 0 | 0 | 0 | 15 | 51 | 51.00 | 0 | 0 |
History - World | 1 | 0 | 0 | 0 | 15 | 48 | 48.00 | 0 | 0 |
Geography - Europe | 1 | 0 | 0 | 0 | 15 | 48 | 48.00 | 1 | 1 |
Other - Other Academic and General Knowledge | 0 | 1 | 0 | 0 | 10 | 71 | 71.00 | 0 | 0 |
Geography - United States | 0 | 1 | 0 | 0 | 10 | 123 | 123.00 | 0 | 0 |
RMP - World Mythology | 0 | 1 | 0 | 0 | 10 | 126 | 126.00 | 0 | 0 |